00426nam a2200181Ia 4500008004100000020001800041245001700059245002900076245002200105260001500127260001600142260000900158300001500167300002500182300001000207500000800217999001900225170705s9999 xx 000 0 und d a9780439696548 aFirst jobs : blife after high school / cJohn DiConsiglio. aNew York : bScholastic, c2004 a48 pages : bcolor illustration ; c19cm. a340 c335616d335616